NBA Crazy Records - Statistics

General Stats
  • This quiz has been taken 26 times
  • The average score is 7 of 15
Answer Stats
Record Answer % Correct
Shortest NBA Player5'3'' Muggsy Bogues
95%
Team that went 73-9 Golden State Warriors
90%
Longest Career61,031+ minutes LeBron James
85%
Tallest NBA Player7'7'' Manute Bol
80%
Longest Wingspan8'6'' Manute Bol
80%
Biggest Net Worth$3.5 - $3.8 Billion Michael Jordan
55%
Heaviest NBA Player415 lbs Shaquille O'Neal
50%
Team that went 7-59 Charlotte Bobcats
45%
Most Ejections29 Rasheed Wallace
45%
Shortest Career3.9 seconds JamesOn Curry
30%
Lightest NBA Player133 lbs Spud Webb
20%
Youngest NBA Player17 yrs Andrew Bynum
5%
Most Injuries762 games missed Bill Walton
5%
Shortest Wingspan5'10'' J.J. Barea
0%
Oldest NBA Player45 yrs Nat Hickey
0%
No matching quizzes found
Score Distribution
Percent of People with Each Score
Percentile by Number Answered
Your Score History
You have not taken this quiz